| 000 | 00369nam a22001457a 4500 | ||
|---|---|---|---|
| 999 |
_c4002 _d4002 |
||
| 008 | 200709b ||||| |||| 00| 0 eng d | ||
| 082 | 0 | 0 |
_a621.31042 _bS4741 |
| 100 |
_93311 _aSen, S. K. |
||
| 245 | 1 | 0 |
_aElectrical machinery / _cby S. K. Sen |
| 250 | _a3rd ed. | ||
| 260 |
_aDelhi _bKhanna _c1984 |
||
| 300 | _av, 671 p. | ||
| 650 | 0 | _aElectrical Engineering | |
| 942 | _cBK | ||